| 000 | 00541nam a2200169 i 4500 | ||
|---|---|---|---|
| 001 | 99623 | ||
| 003 | ES-MaACL | ||
| 005 | 20230906182528.0 | ||
| 007 | t| | ||
| 008 | 050914s1981 sp ||||1| spa d | ||
| 100 | 1 |
_aMartínez Alvarez, J. A. _977849 |
|
| 245 | 1 | 0 |
_aGeología cartográfica _b: ejercicios sobre interpretación de mapas geológicos / _cJ. A. Martínez-Alvarez. |
| 260 |
_aMadrid : _bParaninfo, _c1981. |
||
| 300 |
_a271 p. : _bil. ; _c27 cm. |
||
| 650 | 4 |
_aGeología- _vMapas. _9169074 |
|
| 852 |
_aES-MaACL _jL-1579 _bR.102279 |
||
| 999 |
_c99623 _d99623 |
||